LEADER 00918nam a2200229 4500 001 000000360119 003 CaOOAMICUS 005 20241004120154.0 008 241004s1982 it 000 u ita r 040 $aSeMil$bita 100 1 $aXella, Paolo.$0(OLS)http://semarc/name/2333 245 14$aGli antenati di Dio :$bdivinità e miti della tradizione di Canaan /$cPaolo Xella. 264 1$aVerona :$bEssedue,$c1982. 300 $a345 p. ;$c19 cm 500 $aCon una scelta di testi 650 4$aLetteratura ugaritica.$0(OLS)http://semarc/subject/53199 850 $aSeMil 852 $aSeMil$W1$xVenegono$y1$m2Y I 155$j251367$B251150$CSeMilBibl$Z2$F251150 $81 961 $aBuzzi mons. Franco - Omaggio 996 $6245$aGli antenati di Dio :$bdivinità e miti della tradizione di Canaan$9(OLS)http://semarc/title/450576 996 $6264$aVerona :$bEssedue$9(OLS)http://semarc/publisher/30993 LEADER 00438nab a2200145 i 4500 001 000000267474 003 CaOOAMICUS 005 20071010000000.0 008 071010n xx uu u0 0und r 013 $a12077 040 $aSeMil$bita 245 10$a[SENZA TITOLO]. 500 $aAoût 2007. 773 0 $t2007.$dLouvain-la-Neuve : Éd. de l'Institut Supérieur de Philosophie, 2007.$w()162067 996 $6245$a[SENZA TITOLO]$9(OLS)http://semarc/title/354609